[Event "Lidkoping op"]
[Site "Lidkoping"]
[Date "2017.09.02"]
[Round "2"]
[White "Bellon Lopez, Juan Manuel"]
[Black "Andersen, Oystein R"]
[Result "1-0"]
[WhiteElo "2313"]
[BlackElo "2067"]
[PlyCount "47"]
[EventDate "2017.09.02"]
[EventType "swiss"]
[EventRounds "7"]
[EventCountry "SWE"]
[SourceTitle "CBM 180 Extra"]
[Source "ChessBase"]
[SourceDate "2017.10.06"]
[SourceVersion "1"]
[SourceVersionDate "2017.10.06"]
[SourceQuality "1"]

1. d4 Nf6 2. Bg5 g6 3. Bxf6 exf6 4. e3 d5 5. c4 dxc4 6. Bxc4 Bg7 7. h4 c6 8. h5 Be6 9. Bxe6 fxe6 10. hxg6 hxg6 11. Rxh8+ Bxh8 12. Ne2 Kf7 13. Nf4 f5 14. Qb3 Qd7 15. Nxe6 Qxe6 16. Qxb7+ Qd7 17. Qxa8 Qc7 18. Nd2 f4 19. 0-0-0 Bg7 20. Nc4 Bh6 21. Kb1 fxe3 22. fxe3 Kg7 23. d5 cxd5 24. Qxd5 1-0

[Event "NOR-chT 1516"]
[Site "Norway"]
[Date "2016.03.06"]
[Round "9.1"]
[White "Nilsen, Joachim Birger"]
[Black "Andersen, Oystein R"]
[Result "1-0"]
[WhiteElo "2371"]
[BlackElo "2054"]
[PlyCount "67"]
[EventDate "2015.10.30"]
[EventType "team-tourn"]
[EventRounds "9"]
[EventCountry "NOR"]
[SourceTitle "EXT 2017"]
[Source "ChessBase"]
[SourceDate "2016.10.25"]
[SourceVersion "1"]
[SourceVersionDate "2016.10.25"]
[SourceQuality "1"]
[WhiteTeam "Oslo SK 1911"]
[BlackTeam "Black Knights"]
[WhiteTeamCountry "NOR"]
[BlackTeamCountry "NOR"]

1. c4 Nf6 2. Nc3 g6 3. e4 d6 4. d4 Bg7 5. Be2 0-0 6. Nf3 Na6 7. 0-0 e5 8. Be3 exd4 9. Nxd4 Nc5 10. f3 a5 11. Qd2 c6 12. Rad1 Qe7 13. Rfe1 Rd8 14. Nxc6 bxc6 15. Bxc5 Ne8 16. Bf2 Be6 17. Bf1 Qb7 18. b3 Nc7 19. Na4 h5 20. f4 c5 21. Bd3 Bd7 22. f5 Qb4 23. Qg5 Bxa4 24. bxa4 Qxa4 25. fxg6 fxg6 26. e5 dxe5 27. Bc2 Qe8 28. Bxg6 Qf8 29. Qxh5 Qe7 30. Rxd8+ Rxd8 31. Bh4 Bf6 32. Bxf6 Qxf6 33. Qh7+ Kf8 34. Rf1 1-0

[Event "NOR-chT 1415"]
[Site "Norway"]
[Date "2014.11.02"]
[Round "3"]
[White "Andersen, Oystein R"]
[Black "Gunnesdal, Lars"]
[Result "1-0"]
[WhiteElo "2056"]
[BlackElo "2129"]
[PlyCount "131"]
[EventDate "2014.10.31"]
[EventType "team-tourn"]
[EventRounds "11"]
[EventCountry "NOR"]
[SourceTitle "EXT 2016"]
[Source "ChessBase"]
[SourceDate "2015.10.08"]
[SourceVersion "1"]
[SourceVersionDate "2015.10.08"]
[SourceQuality "1"]
[WhiteTeam "Black Knights"]
[BlackTeam "Asker"]
[WhiteTeamCountry "NOR"]
[BlackTeamCountry "NOR"]

1. c4 e5 2. Nc3 Nf6 3. g3 d5 4. cxd5 Nxd5 5. Bg2 Nb6 6. Nf3 Nc6 7. 0-0 Be7 8. d3 0-0 9. a3 Be6 10. b4 f6 11. Bb2 a6 12. Rc1 Qe8 13. Ne4 Qf7 14. Nfd2 Bd5 15. Nc5 Bxg2 16. Kxg2 Bxc5 17. Rxc5 Nd8 18. Ne4 Ne6 19. Rc1 Rac8 20. Nc5 c6 21. e3 Rfd8 22. Qc2 Rc7 23. Rfd1 Nd7 24. Nxe6 Qxe6 25. d4 exd4 26. Rxd4 Re8 27. Rcd1 Nf8 28. Qc5 Rd7 29. Rxd7 Nxd7 30. Qd6 Qxd6 31. Rxd6 Nb6 32. Bd4 Nd5 33. Bc5 Rc8 34. e4 Nc3 35. f3 b5 36. Bd4 Na4 37. Rd7 c5 38. bxc5 Nxc5 39. Bxc5 Rxc5 40. Ra7 Rc2+ 41. Kh3 Rc3 42. Rxa6 Rxf3 43. Kg4 Rb3 44. Kf5 b4 45. Ra8+ Kf7 46. Ra7+ Kg8 47. a4 Ra3 48. g4 b3 49. g5 b2 50. Rb7 Rxa4 51. gxf6 gxf6 52. Kxf6 Ra6+ 53. Kf5 Ra2 54. h4 Ra5+ 55. e5 Ra4 56. h5 b1Q+ 57. Rxb1 Ra7 58. h6 Kf7 59. Rg1 Kf8 60. Rb1 Ra2 61. Rb8+ Kf7 62. Rb7+ Kg8 63. Kf6 Rf2+ 64. Ke6 Rf8 65. Kd6 Ra8 66. Ke7 1-0

[Event "NOR-ch Class1"]
[Site "Lillehammer"]
[Date "2013.06.29"]
[Round "1"]
[White "Andersen, Oystein R"]
[Black "Edvardsen, Vidar"]
[Result "1-0"]
[WhiteElo "1962"]
[BlackElo "2055"]
[PlyCount "67"]
[EventDate "2013.06.29"]
[EventType "swiss"]
[EventRounds "9"]
[EventCountry "NOR"]
[SourceTitle "EXT 2015"]
[Source "ChessBase"]
[SourceDate "2014.11.20"]
[SourceVersion "1"]
[SourceVersionDate "2014.11.20"]
[SourceQuality "1"]

1. c4 c5 2. g3 g6 3. Bg2 Bg7 4. Nc3 Nc6 5. Nf3 d6 6. 0-0 e5 7. d3 Nge7 8. Ne1 Be6 9. Nd5 0-0 10. Bg5 f6 11. Bd2 Bf7 12. Nc2 Nxd5 13. cxd5 Ne7 14. e4 b5 15. a4 b4 16. a5 f5 17. Ne3 f4 18. Nc4 g5 19. d4 exd4 20. gxf4 gxf4 21. Qg4 Ng6 22. Rac1 Qf6 23. Qf5 Rad8 24. Bh3 Rfe8 25. Kh1 Kh8 26. Rg1 Qxf5 27. Bxf5 Nh4 28. Be6 Bg6 29. f3 Nxf3 30. Rxg6 hxg6 31. Bxf4 Be5 32. Nxe5 dxe5 33. Bg3 d3 34. b3 1-0

[Event "NOR-ch Class1"]
[Site "Lillehammer"]
[Date "2013.06.29"]
[Round "7"]
[White "Thorstensen, Espen"]
[Black "Andersen, Oystein R"]
[Result "1/2-1/2"]
[WhiteElo "2084"]
[BlackElo "1962"]
[PlyCount "86"]
[EventDate "2013.06.29"]
[EventType "swiss"]
[EventRounds "9"]
[EventCountry "NOR"]
[SourceTitle "EXT 2015"]
[Source "ChessBase"]
[SourceDate "2014.11.20"]
[SourceVersion "1"]
[SourceVersionDate "2014.11.20"]
[SourceQuality "1"]

1. e4 c5 2. Nc3 Nc6 3. g3 g6 4. Bg2 Bg7 5. d3 d6 6. Be3 Nf6 7. h3 0-0 8. Qd2 Re8 9. Nge2 a6 10. 0-0 Rb8 11. f4 Nd7 12. Nd1 Nd4 13. Nc1 e5 14. c3 Nc6 15. f5 Qe7 16. Bh6 f6 17. Bxg7 Qxg7 18. fxg6 hxg6 19. Ne3 Ne7 20. Nc4 b5 21. Nxd6 Rd8 22. Qf2 a5 23. Nxc8 Rdxc8 24. h4 Rc6 25. Rd1 b4 26. Nb3 a4 27. Na5 Ra6 28. cxb4 Rxb4 29. Nc4 Nc6 30. Ne3 Nd4 31. Nd5 Rb8 32. Rac1 Rc6 33. Rc4 Nb6 34. Nxb6 Rcxb6 35. Rxa4 Rxb2 36. Rd2 Rxd2 37. Qxd2 Qb7 38. Qh6 Qg7 39. Qd2 Qb7 40. Kh2 Qb2 41. Qh6 Nf3+ 42. Kh3 Ng1+ 43. Kh2 Nf3+ 1/2-1/2

[Event "NOR-chT Clubs"]
[Site "Drammen"]
[Date "2010.10.10"]
[Round "6"]
[White "Solem, Trond"]
[Black "Andersen, Oystein R"]
[Result "1-0"]
[WhiteElo "2121"]
[BlackElo "1867"]
[PlyCount "85"]
[EventDate "2010.10.08"]
[EventType "team"]
[EventRounds "6"]
[EventCountry "NOR"]
[SourceTitle "EXT 2015"]
[Source "ChessBase"]
[SourceDate "2014.11.20"]
[SourceVersion "1"]
[SourceVersionDate "2014.11.20"]
[SourceQuality "1"]
[WhiteTeam "Nordstrand"]
[BlackTeam "Black Knights II"]
[WhiteTeamCountry "NOR"]
[BlackTeamCountry "NOR"]

1. Nf3 Nf6 2. g3 g6 3. c4 d6 4. d4 Bg7 5. Bg2 0-0 6. 0-0 c5 7. Nc3 Na6 8. b3 Rb8 9. Bb2 Nc7 10. Qc2 a6 11. dxc5 dxc5 12. Rad1 Qe8 13. Na4 Bf5 14. Qc1 Ne4 15. Bxg7 Kxg7 16. Ne5 Nd6 17. Nxc5 b6 18. Bc6 Qc8 19. Bd7 Bxd7 20. Ncxd7 f6 21. Nxb8 fxe5 22. Nc6 Qh3 23. Nxe5 Rf5 24. f4 Rh5 25. Rf2 Ne6 26. Nf3 Nc5 27. Ng5 Qg4 28. Qc3+ Kg8 29. Qf3 Qxf3 30. exf3 h6 31. Ne4 Ncxe4 32. fxe4 Nxe4 33. Re2 Nc3 34. Rd8+ Kf7 35. Re3 Nxa2 36. Rd7 b5 37. Rexe7+ Kf6 38. Re2 Nc3 39. Rd6+ Kf7 40. Re3 Nb1 41. Rxa6 bxc4 42. bxc4 Rc5 43. Rb3 1-0

[Event "NOR-chT 0506"]
[Site "Norway"]
[Date "2005.11.06"]
[Round "2"]
[White "Lahlum, Hans Olav"]
[Black "Andersen, Oystein R"]
[Result "1-0"]
[WhiteElo "2264"]
[BlackElo "1889"]
[PlyCount "85"]
[EventDate "2005.11.01"]
[EventType "team"]
[EventRounds "2"]
[EventCountry "NOR"]
[SourceTitle "CBM 109 Extra"]
[Source "ChessBase"]
[SourceDate "2006.01.03"]
[SourceVersion "2"]
[SourceVersionDate "2006.01.03"]
[SourceQuality "1"]

1. d4 d5 2. c4 dxc4 3. e4 Nf6 4. Nc3 e6 5. Bxc4 Bb4 6. Bg5 Bxc3+ 7. bxc3 h6 8. Bxf6 Qxf6 9. Nf3 0-0 10. 0-0 Rd8 11. Qe2 c5 12. e5 Qe7 13. Qe4 Nd7 14. Nd2 Rb8 15. Bd3 Nf8 16. Nc4 cxd4 17. cxd4 Bd7 18. Nd6 Bc6 19. Qe2 f5 20. Bc4 Kh7 21. f3 Ng6 22. Qe3 b5 23. Bb3 Qd7 24. Rac1 Ne7 25. g4 g6 26. Rfd1 fxg4 27. fxg4 Rf8 28. Rf1 Kg7 29. Rf6 Nd5 30. Bxd5 Bxd5 31. Rcf1 Rxf6 32. Rxf6 Bxa2 33. Rf7+ Qxf7 34. Nxf7 Kxf7 35. Qf2+ Ke7 36. Qxa2 a5 37. Qxa5 Kd7 38. Qa7+ Kc8 39. Qc5+ Kd7 40. Qd6+ Kc8 41. Qxe6+ Kc7 42. Qd6+ Kc8 43. e6 1-0

[Event "NOR-chB op"]
[Site "Asker"]
[Date "2003.06.01"]
[Round "5"]
[White "Einvik, Gunnar"]
[Black "Andersen, Oystein R"]
[Result "0-1"]
[WhiteElo "1933"]
[BlackElo "1828"]
[PlyCount "116"]
[EventDate "2003.05.??"]
[EventType "swiss"]
[EventRounds "5"]
[EventCountry "NOR"]
[SourceTitle "EXT 2005"]
[Source "ChessBase"]
[SourceDate "2004.11.15"]
[SourceVersion "1"]
[SourceVersionDate "2004.11.15"]
[SourceQuality "1"]

1. e4 Nf6 2. e5 Nd5 3. d4 d6 4. Nf3 Bg4 5. Be2 e6 6. c4 Nb6 7. Be3 Nc6 8. exd6 cxd6 9. 0-0 Be7 10. b3 0-0 11. Nc3 Bf6 12. Rc1 d5 13. c5 Nd7 14. h3 Bxf3 15. Bxf3 Rc8 16. Nb5 Bg5 17. Qd2 Bxe3 18. fxe3 f5 19. Nd6 Rb8 20. b4 a6 21. a4 Nf6 22. b5 axb5 23. axb5 Ne7 24. b6 g5 25. Ra1 g4 26. hxg4 fxg4 27. Be2 Nc8 28. Nxc8 Rxc8 29. Bd3 g3 30. Qe2 Qe7 31. Rf4 Qg7 32. Qf3 Kh8 33. Rf1 Nd7 34. Rf7 Rxf7 35. Qxf7 Qh6 36. Qxh7+ Qxh7 37. Bxh7 Nxc5 38. Rc1 Kxh7 39. Rxc5 Ra8 40. Kf1 Ra6 41. Rc7+ Kg6 42. Rxb7 Kf5 43. Rg7 Rxb6 44. Rxg3 Ke4 45. Rf3 Rb2 46. Rh3 Rb1+ 47. Kf2 Rb2+ 48. Kg1 Rb1+ 49. Kh2 Rb2 50. Kh1 Rb1+ 51. Kh2 Rb2 52. Rf3 Re2 53. Kh3 Rxe3 54. Rxe3+ Kxe3 55. g4 Kxd4 56. g5 Ke5 57. Kh4 d4 58. g6 Kf6 0-1